书目信息 |
| 题名: |
车工实践
|
|
| 作者: | ;上海第一毛麻纺织机械厂 编 | |
| 分册: | ||
| 出版信息: | 上海 上海科学技术出版社 1974 |
|
| 页数: | 602页 | |
| 开本: | 20cm | |
| 丛书名: | ||
| 单 册: | ||
| 中图分类: | TG5 | |
| 科图分类: | ||
| 主题词: | 金属切削 , 机床 , 金属加工--机具 | |
| 电子资源: | ||
| ISBN: | ||
| 000 | 00731nam0 2200253 45 | |
| 001 | 0179005246 | |
| 005 | 20060809152648.06 | |
| 010 | @dCNY1.40 | |
| 091 | @a15171.52 | |
| 100 | @a19950731d1974 em y0chiy0121 ea | |
| 101 | 0 | @achi |
| 102 | @aCN@b310000 | |
| 105 | @ay z 000yy | |
| 200 | 10 | @a车工实践@Ache gong shi jian@f上海第一毛麻纺织机械厂编@Fshang hai di yi mao ma fang zhi ji xie chang bian |
| 205 | @a2版 | |
| 210 | @a上海@c上海科学技术出版社@d1974 | |
| 215 | @a602页@d20cm | |
| 606 | @a金属切削 | |
| 606 | 0 | @a机床 |
| 606 | 0 | @a金属加工@x机具 |
| 690 | @aTG5@v4 | |
| 711 | 02 | @a上海第一毛麻纺织机械厂@Ashang hai di yi mao ma fang zhi ji xie chang@4编 |
| 801 | 0 | @aCN@bTSSF@c20060809 |
| 905 | @a10447@dTG5@e34=2 | |
| 车工实践/上海第一毛麻纺织机械厂编.-2版.-上海:上海科学技术出版社,1974 |
| 602页;20cm |
| ISBN :CNY1.40 |
| ● |
| 相关链接 |
|
|
|
|
正题名:车工实践
索取号:TG5/34=2
 
预约/预借
| 序号 | 登录号 | 条形码 | 馆藏地/架位号 | 状态 | 备注 |
| 1 | 0017621 | 001362956 | 第二样本阅览室/ [索取号:TG5/34=2] | 在馆 | |
| 2 | 0017627 | 202323011 | 密集书库/ [索取号:TG5/34=2] | 在馆 | |
| 3 | 0451468 | 204514686 | 密集书库/ [索取号:TG5/34=2] | 在馆 |